书目信息 |
| 题名: |
初中数学教学课时设计
|
|
| 作者: | 陈明光 编 | |
| 分册: | ||
| 出版信息: | 北京 北京师范大学出版社 1990.05 |
|
| 页数: | 183页 | |
| 开本: | 19cm | |
| 丛书名: | ||
| 单 册: | ||
| 中图分类: | G633.62 | |
| 科图分类: | ||
| 主题词: | 教育--各级 | |
| 电子资源: | ||
| ISBN: | 7-303-00744-X | |
| 000 | 00581nam0 2200193 45 | |
| 001 | 0301070405 | |
| 005 | 20030107043330.0 | |
| 010 | @a7-303-00744-X@dCNY2.70 | |
| 100 | @a20030107d1990 km y0chiy0120 ea | |
| 101 | 0 | @achi |
| 105 | @a z 000yy | |
| 200 | 1 | @a初中数学教学课时设计@AChu Zhong Shu Xue Jiao Xue Ke Shi She Ji@f陈明光等编@FChen Ming Guang Deng Bian |
| 210 | @a北京@d1990.05@c北京师范大学出版社 | |
| 215 | @a183页@d19cm | |
| 606 | 0 | @a教育@x各级 |
| 690 | @aG633.62@v3 | |
| 701 | 0 | @a陈明光@4编 |
| 801 | @aCN@bPftUser@c20030107 | |
| 905 | @f2@b231835-836@dG633.62@e177:1 | |
| 初中数学教学课时设计/陈明光等编.-北京,1990.05:北京师范大学出版社 |
| 183页;19cm |
| ISBN 7-303-00744-X:CNY2.70 |
| ● |
| 相关链接 |
|
|
|
|
正题名:初中数学教学课时设计
索取号:G633.62/177:1
 
预约/预借
| 序号 | 登录号 | 条形码 | 馆藏地/架位号 | 状态 | 备注 |
| 1 | 0231835 | 000242142 | 密集书库/ [索取号:G633.62/177:1] | 在馆 | |
| 2 | 0231836 | 000242133 | 密集书库/ [索取号:G633.62/177:1] | 在馆 | |
| 3 | 0231837 | 000242204 | 第一样本阅览室/ [索取号:G633.62/177:1] | 在馆 |